LEADER 00895naa a2200217 i 4500
001 acta54229
005 20220107091934.0
008 180627s1941 hu o 0|| eng d
040 |a SZTE Egyetemi Kiadványok Repozitórium  |b hun 
041 |a eng 
100 1 |a Rusznyák István 
245 1 0 |a Experimental Vitamin P deficiency  |h [elektronikus dokumentum] /  |c  Rusznyák István 
260 |c 1941 
300 |a 25-26 
490 0 |a Közlemények a szegedi kir. magy. Ferencz József-Tudományegyetem belgyógyászati klinikájáról 
490 0 |a Közlemények a szegedi kir. magy. Ferencz József-Tudományegyetem belgyógyászati klinikájáról 1940-1941 
650 4 |a Orvos- és egészségtudomány 
650 4 |a Klinikai orvostan 
695 |a Vitamin - P, Vitaminhiány 
700 0 1 |a Benkő András  |e aut 
856 4 0 |u http://acta.bibl.u-szeged.hu/54229/1/kozl_belgy_40_41_025-026.pdf  |z Dokumentum-elérés